| 000 | 00744cam a2200265 i 4500 | ||
|---|---|---|---|
| 999 |
_c9315 _d9315 |
||
| 001 | 9315 | ||
| 003 | BD-JhCC | ||
| 005 | 20180312193631.0 | ||
| 008 | 780127s1978 mau 000 0 eng | ||
| 035 | _a(BD-JhCC)9315 | ||
| 040 |
_aDLC _cDLC _dDLC _dBD-JhCC |
||
| 041 | _aeng | ||
| 050 | 0 | 0 |
_aPE1122 _b.W3 1978 |
| 082 | 0 | 0 |
_a808/.0427 _219 _bWAS 1978 |
| 100 | 1 | _aWasson, John M., | |
| 245 | 1 | 0 |
_aSubject and structure : _ban anthology for writers / _cJohn M. Wasson. |
| 250 | _a6th ed. | ||
| 260 |
_aBoston : _bLittle, Brown, _cc1978. |
||
| 300 |
_axvi, 553 p. ; _c23 cm. |
||
| 650 | 0 | _aCollege readers. | |
| 650 | 0 |
_aReport writing _xProblems, exercises, etc. |
|
| 650 | 0 |
_aEnglish language _xRhetoric. |
|
| 942 |
_2ddc _cBK |
||